00504nam a2200193 a 4500001001300000003000900013005001700022008004100039020002300080082001300103100001600116245004300132260003800175300000900213500003500222505001800257650001900275700001600294nice12345678IN_TiNIC20260116014847.0090929s2009 dela grp 000 0 eng  a9788178357249c67500a295bIYE aIyer, Meena aFaith and Philosophy of Zoroasrtianism aDelhibKalpaz Publications c2009 a359p aincludes index and biblioraphy2 abiblio, index aZoroastrianism1 aIyer, Meena